[Event "Texas  Championship"]
[Site "?"]
[Date "2003.05.25"]
[Round "4.9"]
[White "Fleming Kevin W"]
[Black "Patty John"]
[Result "1-0"]
[WhiteElo "2050"]
[BlackElo "2200"]
[PlyCount "79"]
[EventDate "2003.??.??"]
[Source "www.chesslib.no"]
[SourceDate "2004.05.04"]

1. d4 f5 2. g3 Nf6 3. Bg2 e6 4. Nh3 Be7 5. O-O O-O 6. Nd2 c5 7. dxc5 Bxc5 8. e4 fxe4 9. Nxe4 Be7 10. c4 Nc6 11. Nd6 Ne8 12. Nxc8 Rxc8 13. Be3 Nd6 14. b3 Nf5 15. Bf4 e5 16. Bxc6 bxc6 17. Bxe5 Bc5 18. Qd3 d6 19. Bc3 Qb6 20. Rae1 Nd4 21. Re7 Nf3+ 22. Kg2 Rc7 23. Rxc7 Qxc7 24. b4 Bb6 25. Rd1 Qf7 26. Qe2 Qg6 27. c5 dxc5 28. bxc5 Qg4 29. Ng1 Nxh2 30. Qxg4 Nxg4 31. cxb6 Rxf2+ 32. Kh3 h5 33. Rd2 axb6 34. Rxf2 Nxf2+ 35. Kh4 Ne4 36. Ne2 g6 37. Be5 Kf7 38. Bc7 b5 39. Nd4 Ke7 40. Be5 1-0

[Event "Oceania zt"]
[Site "?"]
[Date "2005.01.31"]
[Round "3"]
[White "Jones Lee"]
[Black "Benson Christopher"]
[Result "1-0"]
[WhiteElo "2199"]
[BlackElo "2049"]
[PlyCount "61"]
[EventDate "2005.??.??"]
[Source "www.chesslib.no"]
[SourceDate "2004.05.04"]

1. d4 f5 2. g3 Nf6 3. Bg2 e6 4. Nh3 d5 5. c4 c6 6. O-O Bd6 7. b3 Qe7 8. a4 Nbd7 9. Ba3 Bxa3 10. Nxa3 h5 11. Nc2 h4 12. Qd3 hxg3 13. hxg3 Ne4 14. Qe3 Ndf6 15. Qf4 Rg8 16. cxd5 g5 17. Qc1 cxd5 18. Ne1 Qh7 19. Nf3 Qh5 20. Qc7 Qf7 21. Qxf7+ Kxf7 22. Ne5+ Ke7 23. Rfc1 Kd6 24. Bxe4 Nxe4 25. Kg2 Bd7 26. f3 Nf6 27. Nxg5 Rac8 28. f4 Ne4 29. Nxe4+ dxe4 30. Kf2 Rxc1 31. Rxc1 1-0

[Event "Villalba"]
[Site "?"]
[Date "1993.??.??"]
[Round "?"]
[White "Cao, J."]
[Black "Garcia Saez"]
[Result "1-0"]
[WhiteElo "2170"]
[BlackElo "2060"]
[PlyCount "95"]
[EventDate "1993.??.??"]
[Source "www.chesslib.no"]
[SourceDate "2004.05.04"]

1. d4 f5 2. g3 Nf6 3. Bg2 e6 4. Nh3 Be7 5. O-O O-O 6. c4 Nc6 7. Nc3 Ng4 8. e4 d6 9. exf5 exf5 10. Nf4 Bf6 11. Nce2 Re8 12. h3 Nh6 13. Nd5 Nf7 14. Nxf6+ Qxf6 15. Be3 g5 16. Qd2 Ne7 17. f4 g4 18. d5 Qh6 19. h4 Ng6 20. Bf2 Bd7 21. Nd4 Re7 22. Qd3 Qh5 23. Rfe1 Rae8 24. Rxe7 Rxe7 25. Nb5 Bxb5 26. cxb5 b6 27. a4 Nf8 28. a5 Nd8 29. axb6 cxb6 30. Rc1 Nb7 31. b4 Qf7 32. Bd4 h5 33. Kf2 Kh7 34. Rc8 Rd7 35. Qc2 Ng6 36. Bb2 Rd8 37. Qc7 Rf8 38. Bd4 Kh6 39. Qxf7 Rxf7 40. Ra8 Nc5 41. bxc5 bxc5 42. Bc3 Rb7 43. Bf1 Ne7 44. Bc4 Rd7 45. Ba5 Kg7 46. Rd8 Rxd8 47. Bxd8 Nc8 48. b6 1-0

[Event "Budapest HUN"]
[Site "?"]
[Date "2000.??.??"]
[Round "1"]
[White "Lakat Gyula"]
[Black "Koszegi Lajos"]
[Result "1/2-1/2"]
[WhiteElo "2031"]
[BlackElo "2175"]
[PlyCount "67"]
[EventDate "2000.??.??"]
[Source "www.chesslib.no"]
[SourceDate "2004.05.04"]

1. d4 f5 2. g3 Nf6 3. Bg2 e6 4. Nh3 Be7 5. c4 d6 6. Nc3 O-O 7. O-O e5 8. Nd5 Nxd5 9. cxd5 Kh8 10. f4 exd4 11. Qxd4 Bf6 12. Qd3 Na6 13. a3 Nc5 14. Qc2 Re8 15. e3 a5 16. Bd2 a4 17. Rfe1 Bd7 18. Nf2 b6 19. Bc3 Bxc3 20. Qxc3 Qf6 21. Rac1 Qxc3 22. Rxc3 Re7 23. Nd3 Rae8 24. Nxc5 bxc5 25. Kf2 Bb5 26. Bf3 Ra8 27. h3 g6 28. g4 Kg7 29. gxf5 gxf5 30. e4 fxe4 31. Bxe4 Rae8 32. Rce3 Rf8 33. Kf3 Bd7 34. Rg1+ 1/2-1/2

[Event "Angers FRA"]
[Site "?"]
[Date "2006.05.06"]
[Round "1"]
[White "Cairou Yannick"]
[Black "Schmouchkovitch Michel"]
[Result "1-0"]
[WhiteElo "2157"]
[BlackElo "1958"]
[PlyCount "129"]
[EventDate "2006.??.??"]
[Source "www.chesslib.no"]
[SourceDate "2004.05.04"]

1. d4 f5 2. g3 Nf6 3. Bg2 e6 4. Nh3 Be7 5. O-O O-O 6. Nd2 Nc6 7. c3 d5 8. Nf3 Ne4 9. Nf4 Bf6 10. Nd3 b6 11. Be3 Qe7 12. Qa4 Bb7 13. Bf4 g5 14. Be5 g4 15. Bxf6 Rxf6 16. Nh4 f4 17. f3 fxg3 18. fxe4 Rxf1+ 19. Rxf1 Qxh4 20. Rf4 Rf8 21. Rxf8+ Kxf8 22. e5 gxh2+ 23. Kh1 g3 24. Qd1 Ne7 25. Qf1+ Nf5 26. Nf4 Ke7 27. Qf3 Qg5 28. Bh3 Nh4 29. Qg4 Qxg4 30. Bxg4 Bc8 31. Nh5 Nf5 32. Bxf5 exf5 33. Nxg3 c5 34. e3 cxd4 35. cxd4 Kf7 36. Kxh2 Kg6 37. Ne2 Kg5 38. Kg3 h5 39. Nf4 h4+ 40. Kh3 Bb7 41. Ne6+ Kh5 42. Nc7 Bc6 43. e6 Kg6 44. Kxh4 Kf6 45. Kh5 a5 46. Kh6 Ke7 47. Kg7 Kd6 48. Kf8 Kxc7 49. e7 Kd6 50. e8=Q Bxe8 51. Kxe8 Ke6 52. Kd8 f4 53. exf4 Kf5 54. Kc7 Kxf4 55. Kxb6 Ke4 56. Kc5 a4 57. b4 a3 58. b5 Kd3 59. b6 Kc2 60. b7 Kb1 61. b8=Q+ Ka1 62. Kxd5 Kxa2 63. Ke5 Ka1 64. Qb3 a2 65. Qxa2+ 1-0

[Event "Budapest HUN"]
[Site "?"]
[Date "2002.??.??"]
[Round "2"]
[White "Lakat Gyula"]
[Black "Pesola Jyrki"]
[Result "1-0"]
[WhiteElo "2016"]
[BlackElo "2095"]
[PlyCount "95"]
[EventDate "2002.??.??"]
[Source "www.chesslib.no"]
[SourceDate "2004.05.04"]

1. d4 f5 2. g3 Nf6 3. Bg2 e6 4. Nh3 Be7 5. c4 O-O 6. Nc3 d5 7. cxd5 exd5 8. Bf4 c6 9. O-O Na6 10. a3 Nc7 11. Rc1 Ne6 12. Be5 Ng4 13. b4 a5 14. Qb3 axb4 15. axb4 Qb6 16. Nxd5 cxd5 17. Rxc8 Raxc8 18. Bxd5 Kh8 19. Bxe6 Rc6 20. Nf4 Qxb4 21. Qxb4 Bxb4 22. Bd5 Nxe5 23. dxe5 Rc2 24. Rb1 Bc3 25. e6 g5 26. e7 Re8 27. Rxb7 Bf6 28. Nh5 Bxe7 29. Bf7 Rcc8 30. Bxe8 Rxe8 31. e3 Kg8 32. h3 Kf7 33. g4 fxg4 34. hxg4 Rc8 35. Kg2 Ke6 36. Ng7+ Kf6 37. Nf5 Bd8 38. Rxh7 Rc4 39. Kf3 Ke5 40. Rh8 Bc7 41. Rg8 Kf6 42. Rc8 Ke6 43. Re8+ Kf6 44. Nd4 Ba5 45. Re6+ Kf7 46. Ra6 Bc3 47. Nf5 Rc5 48. Nd6+ 1-0

[Event "Budapest HUN"]
[Site "?"]
[Date "2004.09.05"]
[Round "2"]
[White "Lakat Gyula"]
[Black "Havaskori Laszlo"]
[Result "0-1"]
[WhiteElo "1991"]
[BlackElo "2115"]
[PlyCount "90"]
[EventDate "2004.??.??"]
[Source "www.chesslib.no"]
[SourceDate "2004.05.04"]

1. d4 f5 2. g3 Nf6 3. Bg2 e6 4. Nh3 Be7 5. c4 d6 6. O-O O-O 7. Nc3 c6 8. Qc2 Na6 9. a3 Qe8 10. b4 Nc7 11. Rb1 e5 12. dxe5 dxe5 13. f4 e4 14. Nf2 Qh5 15. Ncd1 Ne6 16. Bb2 c5 17. e3 cxb4 18. axb4 a5 19. bxa5 Rxa5 20. Bc3 Ra6 21. Bb4 Nc5 22. Nc3 Qf7 23. Nb5 Rc6 24. Nd4 Ra6 25. Rfd1 Nfd7 26. Bh3 Nb8 27. Bxc5 Bxc5 28. Rb5 b6 29. Kh1 Bd7 30. Rb3 g6 31. Nb5 Be6 32. Bf1 Nc6 33. Nd4 Bd7 34. Rb2 Nxd4 35. Rxd4 Ra1 36. Rd1 Ba4 37. Qd2 Bxd1 38. Nxd1 Kg7 39. Kg2 Qf6 40. Nc3 Rd8 41. Nd5 Rxd5 42. cxd5 Bxe3 43. Qb4 Bc5 44. Qd2 e3 45. Qe2 Qd4 0-1

[Event "Festival - Open A"]
[Site "Trieste ITA"]
[Date "2008.09.03"]
[Round "5"]
[White "Zucchelli, Massimo"]
[Black "Suc, Timothy"]
[Result "1/2-1/2"]
[WhiteElo "2150"]
[BlackElo "1833"]
[PlyCount "42"]
[EventDate "2008.??.??"]
[Source "www.chesslib.no"]
[SourceDate "2004.05.04"]

1. d4 f5 2. g3 Nf6 3. Bg2 e6 4. Nh3 d5 5. O-O c6 6. Nd2 Bd6 7. Nf3 O-O 8. Nf4 b6 9. Nd3 Bb7 10. Bf4 c5 11. e3 Nc6 12. c3 Ne4 13. Bxd6 Qxd6 14. Nfe5 Nxe5 15. Nxe5 Ng5 16. f4 Nf7 17. Nxf7 Rxf7 18. h4 a5 19. Rf2 Ba6 20. Rc1 Rc7 21. Qd2 Rb8 1/2-1/2

[Event "RLNW_BNeust-Mainasch"]
[Site "?"]
[Date "1998.??.??"]
[Round "?"]
[White "Reisert, Wolfgang"]
[Black "Bittner, Harald_Dr"]
[Result "0-1"]
[WhiteElo "1955"]
[BlackElo "2000"]
[PlyCount "58"]
[EventDate "1998.??.??"]
[Source "www.chesslib.no"]
[SourceDate "2004.05.04"]

1. d4 f5 2. g3 Nf6 3. Bg2 e6 4. Nh3 Be7 5. O-O O-O 6. c3 d6 7. Qb3 c6 8. Nd2 Kh8 9. Nc4 Qc7 10. Bg5 e5 11. dxe5 dxe5 12. Nd2 Nbd7 13. Bxf6 Nxf6 14. Ng5 Nd5 15. Ngf3 f4 16. Ne4 Bf5 17. Nfd2 Rae8 18. Rad1 fxg3 19. hxg3 Nf6 20. Ng5 Bd8 21. e4 Bg4 22. f3 Bc8 23. Bh3 Nh5 24. Ne6 Bxe6 25. Bxe6 Nxg3 26. Rfe1 Qe7 27. Kg2 Nh5 28. Bg4 Nf4+ 29. Kg1 Bb6+ 0-1

[Event "08sen.DSMM 1999"]
[Site "?"]
[Date "1999.08.06"]
[Round "6.2"]
[White "Fluegel Wilhelm"]
[Black "Stutter Eberhard"]
[Result "1-0"]
[WhiteElo "2034"]
[BlackElo "1919"]
[PlyCount "97"]
[EventDate "1999.??.??"]
[Source "www.chesslib.no"]
[SourceDate "2004.05.04"]

1. d4 f5 2. g3 Nf6 3. Bg2 e6 4. Nh3 Be7 5. O-O d6 6. c4 O-O 7. Nc3 Qe8 8. Nf4 c6 9. Nd3 Bd8 10. f4 d5 11. cxd5 exd5 12. Ne5 Nbd7 13. e3 Ne4 14. Nxe4 fxe4 15. Qb3 Nxe5 16. dxe5 Qg6 17. a4 h5 18. Kf2 b6 19. Rg1 Ba6 20. Bd2 Bc4 21. Qd1 Qh6 22. Bf1 Bxf1 23. Kxf1 g5 24. Bb4 Rf7 25. Bd6 Be7 26. Rc1 Rc8 27. Bxe7 Rxe7 28. h4 g4 29. Rg2 Qe6 30. Rd2 Rd7 31. b4 Rdc7 32. Qb3 Rd8 33. Rcd1 Rcd7 34. Ke2 Kf7 35. Qc3 Re7 36. a5 bxa5 37. bxa5 Rc8 38. Qb2 Ke8 39. Rc2 Rcc7 40. Qb8+ Rc8 41. Qb4 Rcc7 42. Rc5 Rb7 43. Qc3 Rbc7 44. Rb1 Qc8 45. Kd2 Kf7 46. Rc1 Qa6 47. Ke1 Re6 48. f5 Rh6 49. e6+ 1-0

[Event "FSI - Torneo dell'Anniversario"]
[Site "?"]
[Date "2000.??.??"]
[Round "?"]
[White "Mazzini Antonio"]
[Black "Bartolini Marco"]
[Result "1-0"]
[WhiteElo "1935"]
[BlackElo "1850"]
[PlyCount "45"]
[EventDate "2000.??.??"]
[Source "www.chesslib.no"]
[SourceDate "2004.05.04"]

1. d4 f5 2. g3 Nf6 3. Bg2 e6 4. Nh3 Be7 5. O-O O-O 6. c4 d6 7. Nc3 c6 8. b3 a5 9. Bb2 Na6 10. e4 fxe4 11. Nxe4 Nxe4 12. Bxe4 d5 13. Bg2 Bf6 14. Re1 dxc4 15. bxc4 c5 16. Nf4 Bxd4 17. Bxd4 Qxd4 18. Qe2 Nc7 19. Rad1 Qc3 20. Qh5 Na6 21. Re5 Qxc4 22. Be4 h6 23. Qg6 1-0

[Event "Leutersdorf Muench Braeu op 8th"]
[Site "?"]
[Date "2003.02.13"]
[Round "4"]
[White "Prasse Uwe"]
[Black "Byhan Markus"]
[Result "1-0"]
[WhiteElo "2072"]
[BlackElo "1704"]
[PlyCount "87"]
[EventDate "2003.??.??"]
[Source "www.chesslib.no"]
[SourceDate "2004.05.04"]

1. d4 f5 2. g3 Nf6 3. Bg2 e6 4. Nh3 Be7 5. c4 O-O 6. Nc3 d5 7. O-O Nc6 8. cxd5 Nxd5 9. Nxd5 exd5 10. Nf4 Bf6 11. Bxd5+ Kh8 12. Bxc6 bxc6 13. e3 Qe7 14. Bd2 Ba6 15. Re1 Rfd8 16. Qc2 c5 17. dxc5 Rab8 18. Bc3 Bxc3 19. Qxc3 Qe4 20. Rac1 Rd7 21. Qc2 Qxc2 22. Rxc2 Rbd8 23. Ne6 Re8 24. Nf4 g5 25. Ne2 Kg7 26. Rec1 Bxe2 27. Rxe2 Kf6 28. Rce1 Rd5 29. b4 Re4 30. a3 Rd3 31. Ra2 Rc4 32. Kf1 a5 33. Ke2 Rd5 34. Rd1 Rxd1 35. Kxd1 Ke6 36. Rc2 Re4 37. f3 Rxe3 38. Re2 Rxe2 39. Kxe2 axb4 40. axb4 Kd5 41. Kd3 g4 42. f4 h5 43. Kc3 Ke4 44. b5 1-0

[Event "Larvik"]
[Site "?"]
[Date "2004.10.17"]
[Round "1"]
[White "Gulliksen Finn Morten"]
[Black "Krohn Sverre Høegh"]
[Result "1-0"]
[WhiteElo "1844"]
[BlackElo "1749"]
[PlyCount "73"]
[EventDate "2004.??.??"]
[Source "www.chesslib.no"]
[SourceDate "2004.05.04"]

1. d4 f5 2. g3 Nf6 3. Bg2 e6 4. Nh3 Be7 5. c4 O-O 6. Nc3 d5 7. O-O c6 8. Nf4 g5 9. Nd3 h6 10. Qb3 Kg7 11. a4 Nbd7 12. cxd5 exd5 13. f3 Qe8 14. Be3 Bd6 15. Bf2 h5 16. e4 fxe4 17. Rae1 h4 18. fxe4 hxg3 19. Bxg3 Bxg3 20. hxg3 dxe4 21. Nxe4 Nxe4 22. Rxf8 Qxf8 23. Rxe4 Nb6 24. Re5 Qf6 25. Qb4 Nd7 26. Re7+ Kg8 27. d5 c5 28. Qe4 Nf8 29. Nxc5 b6 30. d6 bxc5 31. Qxa8 Qd4+ 32. Kh2 Qh8+ 33. Kg1 Qd4+ 34. Kf1 Ba6+ 35. Ke1 Qg1+ 36. Kd2 Qxg2+ 37. Qxg2 1-0

[Event "Gladbeck ch NRW"]
[Site "?"]
[Date "1998.??.??"]
[Round "?"]
[White "Berg, Dietmar"]
[Black "Rueter, Dieter"]
[Result "0-1"]
[WhiteElo "1970"]
[BlackElo "1605"]
[PlyCount "44"]
[EventDate "1998.??.??"]
[Source "www.chesslib.no"]
[SourceDate "2004.05.04"]

1. d4 f5 2. g3 Nf6 3. Bg2 e6 4. Nh3 Be7 5. O-O O-O 6. c4 d5 7. b3 Ne4 8. Bb2 Nd7 9. f3 Nef6 10. Nf4 Nb8 11. Nd2 c6 12. e4 dxe4 13. fxe4 Ng4 14. Qe2 Bb4 15. Rad1 e5 16. Nd3 Bxd2 17. Rxd2 exd4 18. exf5 Ne3 19. Rf4 Nxg2 20. Kxg2 Bxf5 21. Rxd4 Qc8 22. Qe7 Bh3+ 0-1

[Event "Werther"]
[Site "?"]
[Date "2004.04.04"]
[Round "4.28"]
[White "Koellner Ulrich"]
[Black "Becker Andreas"]
[Result "1-0"]
[WhiteElo "1700"]
[BlackElo "1656"]
[PlyCount "105"]
[EventDate "2004.??.??"]
[Source "www.chesslib.no"]
[SourceDate "2004.05.04"]

1. d4 f5 2. g3 Nf6 3. Bg2 e6 4. Nh3 Be7 5. c4 O-O 6. O-O d6 7. b3 Qe8 8. Bb2 Ne4 9. Nd2 Ng5 10. Nxg5 Bxg5 11. f4 Bf6 12. e4 fxe4 13. Nxe4 Qg6 14. Nxf6+ Qxf6 15. Qd2 Qh6 16. Rfe1 c6 17. Re2 Nd7 18. Rae1 Nf6 19. Ba3 Rd8 20. Qa5 b6 21. Qd2 d5 22. Be7 Re8 23. Bxf6 Qxf6 24. cxd5 Rd8 25. dxe6 Ba6 26. e7 Bxe2 27. exd8=Q+ Rxd8 28. Qxe2 Qxd4+ 29. Qe3 c5 30. Qxd4 Rxd4 31. Bf1 Kf8 32. Bc4 Rd2 33. Re2 Rd1+ 34. Kg2 a5 35. a4 h6 36. Re6 Rd2+ 37. Kh3 g5 38. fxg5 hxg5 39. Rxb6 g4+ 40. Kxg4 Rxh2 41. Rc6 Rd2 42. Rxc5 Rd4+ 43. Kh5 Rd2 44. Rxa5 Rh2+ 45. Kg5 Rg2 46. g4 Rd2 47. Rd5 Ra2 48. a5 Ke7 49. a6 Ra3 50. b4 Ra4 51. Ra5 Rxb4 52. a7 Rxc4 53. a8=Q 1-0